• 首页
  • 本馆介绍
  • 公告通知
  • 最新文献
  • 馆藏检索
  • 电子资源
  • 读者导购
  • 参考咨询
  • 我的图书馆
  • 登录
  • 详细信息显示
  • 放入我的书架
  • 预约/预借图书
  • 作者相关作品
  • 分类相关作品
  • 丛书相关作品
  • 出版社相关作品

书目信息

  • 表格格式
  • 工作单格式
  • 卡片格式
题名:
纪念周恩来总理文物选编
    
 
作者: ;中国历史博物馆 编
分册:  
出版信息: 北京   文物出版社  7068.631
页数: 243页
开本: 20cm
丛书名:
单 册:
中图分类: G260.3
科图分类:
主题词: 博物馆学 , 博物馆事业
电子资源:
ISBN:
000 00603nam0 2200205 45
001 0303271037
005 20061026094759.35
010    @dCNY0.75
091    @a7068.631
100    @a20030327d7068 km y0chiy0120 ea
101 0  @achi
200 1  @a纪念周恩来总理文物选编@AJi Nian Zhou En Lai Zong Li Wen Wu Xuan Bian@f中国历史博物馆编@FZhong Guo Li Shi Bo Wu Guan Bian
210    @a北京@c文物出版社@d7068.631
215    @a243页@d20cm@c冠图:肖像
606 0  @a博物馆学
606 0  @a博物馆事业
690    @aG260.3@v3
711 02 @a中国历史博物馆@4编
801    @aCN@bTSTC@c20061026
905    @f1@b1175@dG260.3@e7
    
    纪念周恩来总理文物选编/中国历史博物馆编.-北京:文物出版社,7068.631
    243页;20cm:冠图:肖像
    
    
    ISBN :CNY0.75
    
●
相关链接 在E读中查询图书 在五车中查询图书 在当当中查询图书 在豆瓣中查询图书


正题名:纪念周恩来总理文物选编     索取号:G260.3/7         预约/预借

序号 登录号 条形码 馆藏地/架位号 状态 备注
1 0001173   000990672   第一样本阅览室/ [索取号:G260.3/7] 在馆    
2 0001175   001773762   密集书库/ [索取号:G260.3/7] 在馆    
3 0465559   204655596   密集书库/ [索取号:G260.3/7] 在馆    
唐山师范学院图书馆 欢迎您!
大连网信软件有限公司© 版权所有